[Event "HUN-chT2 Charousek 1415"]
[Site "Hungary"]
[Date "2014.10.12"]
[Round "1"]
[White "Amrein, Roland"]
[Black "Kovacs, Borisz"]
[Result "1/2-1/2"]
[WhiteElo "2266"]
[BlackElo "2286"]
[PlyCount "80"]
[EventDate "2014.10.12"]
[EventType "team-tourn"]
[EventRounds "9"]
[EventCountry "HUN"]
[SourceTitle "EXT 2016"]
[Source "ChessBase"]
[SourceDate "2015.10.08"]
[SourceVersion "1"]
[SourceVersionDate "2015.10.08"]
[SourceQuality "1"]
[WhiteTeam "Komlo"]
[BlackTeam "SZASTE"]
[WhiteTeamCountry "HUN"]
[BlackTeamCountry "HUN"]

1. e4 c5 2. Nf3 e6 3. d4 cxd4 4. Nxd4 Nc6 5. Bf4 d6 6. Nb5 e5 7. Be3 Nf6 8. N1c3 a6 9. Na3 Be6 10. Nc4 b5 11. Nb6 Rb8 12. Ncd5 Ng4 13. Qd2 Nxe3 14. Qxe3 Be7 15. a4 Nd4 16. Bd3 Bg5 17. Qg3 0-0 18. a5 f5 19. exf5 Bh4 20. Qe3 Bxf5 21. g3 Bg5 22. f4 Bh6 23. 0-0 Nxc2 24. Bxc2 Bxc2 25. Nb4 exf4 26. Qe6+ Kh8 27. Nxc2 Qg5 28. Qd5 Qg6 29. Nd4 fxg3 30. Ne6 Be3+ 31. Kg2 gxh2+ 32. Kxh2 Rfe8 33. Qxd6 Qxe6 34. Rf8+ Rxf8 35. Qxe6 Rbe8 36. Rf1 Bf2 37. Qg4 Rf6 38. Qd1 Ref8 39. Rxf2 Rxf2+ 40. Kg3 R2f6 1/2-1/2

[Event "HUN-chT2 Charousek 1213"]
[Site "Hungary"]
[Date "2013.04.21"]
[Round "11"]
[White "Koczo, Kristof"]
[Black "Kovacs, Borisz"]
[Result "1/2-1/2"]
[WhiteElo "2199"]
[BlackElo "2256"]
[PlyCount "75"]
[EventDate "2012.09.16"]
[EventType "team-tourn"]
[EventRounds "11"]
[EventCountry "HUN"]
[SourceTitle "EXT 2014"]
[Source "ChessBase"]
[SourceDate "2013.11.20"]
[SourceVersion "1"]
[SourceVersionDate "2013.11.20"]
[SourceQuality "1"]
[WhiteTeam "Kobanya Aquarena"]
[BlackTeam "Alsoszolnok"]
[WhiteTeamCountry "HUN"]
[BlackTeamCountry "HUN"]

1. d4 d5 2. c4 e6 3. Nc3 Nf6 4. cxd5 exd5 5. Bg5 Nbd7 6. e3 c6 7. Bd3 Be7 8. Qc2 0-0 9. Nf3 Re8 10. 0-0 Nf8 11. Rab1 Ne4 12. Bxe7 Qxe7 13. b4 Ng6 14. b5 Bg4 15. Bxe4 dxe4 16. Nd2 f5 17. h3 Bh5 18. bxc6 bxc6 19. Na4 Be2 20. Rfc1 Bd3 21. Qb3+ Kh8 22. Rb2 f4 23. Nc5 Qg5 24. Nxd3 fxe3 25. fxe3 exd3 26. Nf3 Qg3 27. Qxd3 Re6 28. Re1 Rae8 29. Qf5 h6 30. Qg4 Qxg4 31. hxg4 Nf4 32. Rc2 Rxe3 33. Rxe3 Rxe3 34. Kf2 Ra3 35. Ne5 Nd3+ 36. Nxd3 Rxd3 37. Rxc6 Rxd4 38. Ra6 1/2-1/2

[Event "HUN-chT2 Szechenyi 1112"]
[Site "Hungary"]
[Date "2012.03.12"]
[Round "7.4"]
[White "Gadacsi, Miklos Jr"]
[Black "Kovacs, Borisz"]
[Result "0-1"]
[WhiteElo "2119"]
[BlackElo "2320"]
[PlyCount "88"]
[EventDate "2011.09.25"]
[EventType "team-tourn"]
[EventRounds "11"]
[EventCountry "HUN"]
[SourceTitle "EXT 2013"]
[Source "ChessBase"]
[SourceDate "2012.11.22"]
[SourceVersion "1"]
[SourceVersionDate "2012.11.22"]
[SourceQuality "1"]
[WhiteTeam "Tapolca"]
[BlackTeam "Alsoszolnok"]
[WhiteTeamCountry "HUN"]
[BlackTeamCountry "HUN"]

1. e4 c5 2. Nf3 d6 3. d4 cxd4 4. Nxd4 Nf6 5. Nc3 a6 6. Bc4 e6 7. Bb3 Be7 8. 0-0 b5 9. f4 b4 10. Na4 0-0 11. f5 e5 12. Ne2 Bd7 13. Ng3 Bc6 14. Bg5 Nbd7 15. Re1 h6 16. Be3 Qc7 17. Bf2 Qb7 18. c3 d5 19. exd5 Nxd5 20. Nh5 N5f6 21. Nxf6+ Bxf6 22. Nc5 Nxc5 23. Bxc5 Rfd8 24. Qe2 bxc3 25. bxc3 e4 26. Rac1 Rd3 27. Bd4 Bg5 28. Rcd1 Re8 29. Qg4 Rxd1 30. Rxd1 e3 31. h4 Re4 32. Qg3 Rxh4 33. f6 Re4 34. Re1 Qd7 35. Qb8+ Re8 36. Qg3 e2 37. Bc4 Bb5 38. Bxb5 Qxb5 39. Qg4 Qd3 40. Qd7 Qe4 41. Bf2 Bxf6 42. Qd2 Bg5 43. Qb2 Qd3 44. Qb1 Qxc3 0-1

[Event "HUN-chT2 Szechenyi 1112"]
[Site "Hungary"]
[Date "2011.10.30"]
[Round "2.3"]
[White "Farkas, Zsolt"]
[Black "Kovacs, Borisz"]
[Result "0-1"]
[WhiteElo "2182"]
[BlackElo "2320"]
[PlyCount "62"]
[EventDate "2011.09.25"]
[EventType "team-tourn"]
[EventRounds "11"]
[EventCountry "HUN"]
[SourceTitle "EXT 2013"]
[Source "ChessBase"]
[SourceDate "2012.11.22"]
[SourceVersion "1"]
[SourceVersionDate "2012.11.22"]
[SourceQuality "1"]
[WhiteTeam "Zalaegerszeg"]
[BlackTeam "Alsoszolnok"]
[WhiteTeamCountry "HUN"]
[BlackTeamCountry "HUN"]

1. e4 c5 2. Nf3 d6 3. d4 cxd4 4. Nxd4 Nf6 5. Nc3 a6 6. Bg5 e6 7. f4 Be7 8. Qf3 Qc7 9. 0-0-0 b5 10. Bxf6 gxf6 11. Bd3 b4 12. Nce2 Nd7 13. Kb1 h5 14. Ng3 Bb7 15. Nxh5 0-0-0 16. g4 Nc5 17. Ng3 d5 18. e5 fxe5 19. fxe5 Qxe5 20. Qxf7 Bf6 21. Bf5 exf5 22. Rhe1 Ne4 23. Ngxf5 Rdf8 24. Qg6 Rfg8 25. Qf7 Rxg4 26. Rg1 Rxg1 27. Rxg1 Kb8 28. Rg8+ Rxg8 29. Qxg8+ Ka7 30. Qg1 Ka8 31. h4 Ng3 0-1

[Event "HUN-chT2 Szechenyi 1011"]
[Site "Hungary"]
[Date "2010.10.24"]
[Round "4.4"]
[White "Kovacs, Borisz"]
[Black "Vamosi, Jozsef"]
[Result "1-0"]
[WhiteElo "2312"]
[BlackElo "1931"]
[PlyCount "93"]
[EventDate "2010.09.12"]
[EventType "team-tourn"]
[EventRounds "11"]
[EventCountry "HUN"]
[SourceTitle "EXT 2012"]
[Source "ChessBase"]
[SourceDate "2011.11.24"]
[SourceVersion "1"]
[SourceVersionDate "2011.11.24"]
[SourceQuality "1"]
[WhiteTeam "Alsoszolnok"]
[BlackTeam "FKMK"]
[WhiteTeamCountry "HUN"]
[BlackTeamCountry "HUN"]

1. e4 e5 2. Nf3 Nc6 3. Bb5 a6 4. Ba4 Nf6 5. 0-0 Be7 6. Re1 b5 7. Bb3 d6 8. c3 Bg4 9. d3 h6 10. Nbd2 0-0 11. h3 Bxf3 12. Nxf3 Na5 13. Bc2 c5 14. d4 cxd4 15. cxd4 Nc6 16. d5 Na5 17. a4 Nb7 18. Qe2 b4 19. a5 Nxa5 20. Bd2 Qb6 21. Ra4 Rfc8 22. Bd3 Bd8 23. Rxb4 Qa7 24. Ra1 Qc5 25. Ra3 Rcb8 26. Qe1 Nb7 27. Rc4 Qb5 28. b4 Qd7 29. Rc6 a5 30. bxa5 Nc5 31. Rxc5 dxc5 32. Nxe5 Qd6 33. Nc4 Qd7 34. d6 Qe6 35. e5 Nd7 36. Qe4 Nf8 37. f4 Ra7 38. Bc2 Qd7 39. f5 Bg5 40. Bc3 Qb7 41. Qg4 Qd5 42. h4 Bd8 43. e6 f6 44. Qe2 Qc6 45. e7 Qe8 46. Ba4 Qf7 47. e8Q 1-0

[Event "HUN-chT2 Charousek 0910"]
[Site "Hungary"]
[Date "2010.02.14"]
[Round "6"]
[White "Krutti, Valer"]
[Black "Kovacs, Borisz"]
[Result "1/2-1/2"]
[WhiteElo "2382"]
[BlackElo "2338"]
[PlyCount "117"]
[EventDate "2009.11.08"]
[EventType "team-tourn"]
[EventRounds "11"]
[EventCountry "HUN"]
[SourceTitle "EXT 2011"]
[Source "ChessBase"]
[SourceDate "2010.11.26"]
[SourceVersion "1"]
[SourceVersionDate "2010.11.26"]
[SourceQuality "1"]
[WhiteTeam "Aquaprofit II"]
[BlackTeam "Alsoszolnok"]
[WhiteTeamCountry "HUN"]
[BlackTeamCountry "HUN"]

1. d4 Nf6 2. g3 d5 3. Bg2 c6 4. Nf3 Bf5 5. 0-0 e6 6. b3 Bd6 7. c4 h6 8. Bb2 0-0 9. Nbd2 Nbd7 10. a3 Qe7 11. Re1 Ne4 12. Nf1 Bh7 13. e3 Rfd8 14. Qe2 Rac8 15. Rec1 b6 16. b4 c5 17. cxd5 exd5 18. dxc5 bxc5 19. N1d2 c4 20. Nxe4 Bxe4 21. Bh3 a6 22. Bd4 Rc7 23. Nd2 Be5 24. Nxe4 Bxd4 25. Nc3 Bxc3 26. Rxc3 Ne5 27. Rd1 Nd3 28. Rc2 a5 29. bxa5 Qxa3 30. Ra2 Qc5 31. a6 Rd6 32. Rxd3 cxd3 33. Qxd3 d4 34. exd4 Rxd4 35. Qe2 Rd8 36. Bg2 Re7 37. Qf1 Rde8 38. Ra1 Qd4 39. Bb7 Qxa1 40. Qxa1 Re1+ 41. Qxe1 Rxe1+ 42. Kg2 Ra1 43. Kf3 Kf8 44. Ke4 Ke7 45. h4 Kd6 46. f3 Ra4+ 47. Kf5 Ra5+ 48. Ke4 g6 49. g4 Ra4+ 50. Kd3 Ke5 51. Kc3 f5 52. Kb3 Ra1 53. Kb4 Kd6 54. Kb5 Rb1+ 55. Kc4 Ra1 56. Kb5 Ra2 57. g5 h5 58. Kc4 Ra1 59. Kb5 1/2-1/2

[Event "HUN-chT2 Charousek 0910"]
[Site "Hungary"]
[Date "2009.11.22"]
[Round "2"]
[White "Pasztor, Ferenc1"]
[Black "Kovacs, Borisz"]
[Result "1/2-1/2"]
[WhiteElo "2227"]
[BlackElo "2338"]
[PlyCount "85"]
[EventDate "2009.11.08"]
[EventType "team-tourn"]
[EventRounds "11"]
[EventCountry "HUN"]
[SourceTitle "EXT 2011"]
[Source "ChessBase"]
[SourceDate "2010.11.26"]
[SourceVersion "1"]
[SourceVersionDate "2010.11.26"]
[SourceQuality "1"]
[WhiteTeam "Tapolca"]
[BlackTeam "Alsoszolnok"]
[WhiteTeamCountry "HUN"]
[BlackTeamCountry "HUN"]

1. c4 Nf6 2. Nc3 c5 3. g3 d5 4. cxd5 Nxd5 5. Bg2 e6 6. Nxd5 exd5 7. Qb3 Be6 8. Qxb7 Nd7 9. Nf3 Be7 10. d4 0-0 11. Bf4 cxd4 12. Nxd4 Nc5 13. Nxe6 fxe6 14. Qc7 Qxc7 15. Bxc7 Bf6 16. Rc1 Na4 17. Bh3 Kf7 18. Rc6 Rfe8 19. b3 Nc3 20. Ba5 Nxa2 21. 0-0 Rab8 22. Rb1 Rb5 23. Ra6 Rb7 24. e4 dxe4 25. Bg2 Nc3 26. Bxc3 Bxc3 27. Bxe4 Rbe7 28. Rc1 Bd4 29. Ra4 e5 30. Rc6 g6 31. Kg2 Kg7 32. h4 Rb8 33. Bc2 Rd8 34. Be4 Rb8 35. Bd5 Rd8 36. Ra5 Bb6 37. Rb5 e4 38. Rc2 e3 39. fxe3 Rxe3 40. h5 Re5 41. Bc6 Rxb5 42. Bxb5 gxh5 43. Re2 1/2-1/2

[Event "HUN-chT2 Szechenyi 0809"]
[Site "Hungary"]
[Date "2009.02.08"]
[Round "7.3"]
[White "Kovacs, Borisz"]
[Black "Csarmasz, Mate"]
[Result "1-0"]
[WhiteElo "2336"]
[BlackElo "2108"]
[PlyCount "85"]
[EventDate "2008.10.26"]
[EventType "tourn"]
[EventRounds "11"]
[EventCountry "HUN"]
[SourceTitle "EXT 2010"]
[Source "ChessBase"]
[SourceDate "2010.11.25"]
[SourceVersion "1"]
[SourceVersionDate "2010.11.25"]
[SourceQuality "1"]
[WhiteTeam "Alsoszolnok"]
[BlackTeam "Ajka Banyasz"]
[WhiteTeamCountry "HUN"]
[BlackTeamCountry "HUN"]

1. e4 c5 2. Nf3 Nc6 3. d4 cxd4 4. Nxd4 Nf6 5. Nc3 d6 6. Be2 e5 7. Nb3 h6 8. 0-0 Be7 9. Be3 Be6 10. f4 0-0 11. f5 Bd7 12. Bf3 a6 13. a4 Nb4 14. Qd2 Ne8 15. Nd5 Nxd5 16. Qxd5 Bc6 17. Qd3 Bg5 18. Bf2 b6 19. Nd2 Bxd2 20. Qxd2 Qc7 21. Ra3 Qb7 22. Re1 Rd8 23. Bh4 f6 24. c4 Nc7 25. Bf2 Rd7 26. Qc2 Ra8 27. Qb3 Rb8 28. c5+ d5 29. cxb6 Ne8 30. Rd1 Rbd8 31. exd5 Bxd5 32. Rxd5 Rxd5 33. Qc4 Kh8 34. Rd3 Rxd3 35. Bxb7 Rd1+ 36. Be1 Rxe1+ 37. Kf2 Red1 38. Bf3 R1d2+ 39. Ke1 Nd6 40. Qc7 Ne8 41. Qe7 R2d7 42. Qf8+ Kh7 43. Bh5 1-0

[Event "HUN-chT2 Szechenyi 0809"]
[Site "Hungary"]
[Date "2008.11.02"]
[Round "2.2"]
[White "Kovacs, Borisz"]
[Black "Gadacsi, Miklos Jr"]
[Result "0-1"]
[WhiteElo "2336"]
[BlackElo "2096"]
[PlyCount "76"]
[EventDate "2008.10.26"]
[EventType "tourn"]
[EventRounds "11"]
[EventCountry "HUN"]
[SourceTitle "EXT 2010"]
[Source "ChessBase"]
[SourceDate "2010.11.25"]
[SourceVersion "1"]
[SourceVersionDate "2010.11.25"]
[SourceQuality "1"]
[WhiteTeam "Alsoszolnok"]
[BlackTeam "Tapolca II"]
[WhiteTeamCountry "HUN"]
[BlackTeamCountry "HUN"]

1. e4 c5 2. Nf3 d6 3. d4 cxd4 4. Nxd4 Nf6 5. Nc3 g6 6. Be3 Bg7 7. f3 0-0 8. Bc4 Nc6 9. Bb3 Bd7 10. Qd2 Rc8 11. 0-0-0 Ne5 12. h4 h5 13. Bg5 Rc5 14. g4 hxg4 15. f4 Nc4 16. Qf2 Qa5 17. Nde2 Nxb2 18. Bxf6 Nxd1 19. Kxd1 Bxf6 20. Nd5 Kg7 21. Ng3 Be6 22. Ne3 Rfc8 23. Qd2 Qxd2+ 24. Kxd2 Rh8 25. c4 Rxh4 26. Rg1 Bd4 27. f5 Bxe3+ 28. Kxe3 Bxc4 29. Bd1 Bxa2 30. Kf4 b5 31. Rg2 Bc4 32. Kg5 Rh8 33. Kxg4 a5 34. Kf4 a4 35. fxg6 fxg6 36. Nf5+ Kf7 37. Ne3 Rh4+ 38. Bg4 a3 0-1

[Event "HUN-chT2 Charousek 0607"]
[Site "Hungary"]
[Date "2006.12.17"]
[Round "4"]
[White "Kovacs, Borisz"]
[Black "Balog, Gabor"]
[Result "1-0"]
[WhiteElo "2320"]
[BlackElo "2232"]
[PlyCount "55"]
[EventDate "2006.11.12"]
[EventType "team-tourn"]
[EventRounds "11"]
[EventCountry "HUN"]
[SourceTitle "EXT 2008"]
[Source "ChessBase"]
[SourceDate "2007.11.25"]
[SourceVersion "1"]
[SourceVersionDate "2007.11.25"]
[SourceQuality "1"]
[WhiteTeam "Szentgotthard"]
[BlackTeam "Penzugyor"]
[WhiteTeamCountry "HUN"]
[BlackTeamCountry "HUN"]

1. e4 c5 2. Nf3 Nc6 3. d4 cxd4 4. Nxd4 g6 5. c4 Bg7 6. Be3 Nf6 7. Nc3 Ng4 8. Qxg4 Nxd4 9. Qd1 Ne6 10. Rc1 d6 11. Be2 0-0 12. 0-0 Bd7 13. f4 Bc6 14. Bf3 a5 15. b3 Nc5 16. e5 Qc7 17. Nb5 Bxb5 18. cxb5 Rfd8 19. a3 Qb8 20. Qd4 e6 21. Qc4 Nd7 22. exd6 Qxd6 23. Bxb7 Rab8 24. Rfd1 Qxa3 25. Qc7 Qxb3 26. Ba7 Qxb5 27. Bxb8 Rxb8 28. Rxd7 1-0

[Event "HUN-chT2 Charousek 0506"]
[Site "Hungary"]
[Date "2006.02.26"]
[Round "8"]
[White "Kovacs, Borisz"]
[Black "Dencsi, Tibor"]
[Result "1/2-1/2"]
[WhiteElo "2302"]
[BlackElo "2299"]
[PlyCount "30"]
[EventDate "2005.10.16"]
[EventType "team"]
[EventRounds "11"]
[EventCountry "HUN"]
[SourceTitle "EXT 2009"]
[Source "ChessBase"]
[SourceDate "2008.11.26"]
[SourceVersion "1"]
[SourceVersionDate "2008.11.26"]
[SourceQuality "1"]
[WhiteTeam "Szentgotthard"]
[BlackTeam "BEAC"]
[WhiteTeamCountry "HUN"]
[BlackTeamCountry "HUN"]

1. e4 c5 2. Nf3 e6 3. d4 cxd4 4. Nxd4 Nf6 5. Nc3 d6 6. Be3 Be7 7. Be2 0-0 8. 0-0 Nc6 9. f4 a6 10. a4 Qc7 11. Nb3 b6 12. Bf3 Bb7 13. Rf2 Rac8 14. Rd2 Nb4 15. Qe2 d5 1/2-1/2

[Event "HUN-chT2 Charousek 0506"]
[Site "Hungary"]
[Date "2006.01.22"]
[Round "6"]
[White "Kovacs, Borisz"]
[Black "Ivan, Attila"]
[Result "1-0"]
[WhiteElo "2302"]
[BlackElo "2307"]
[PlyCount "97"]
[EventDate "2005.10.16"]
[EventType "team"]
[EventRounds "11"]
[EventCountry "HUN"]
[SourceTitle "EXT 2009"]
[Source "ChessBase"]
[SourceDate "2008.11.26"]
[SourceVersion "1"]
[SourceVersionDate "2008.11.26"]
[SourceQuality "1"]
[WhiteTeam "Szentgotthard"]
[BlackTeam "Pannonpower"]
[WhiteTeamCountry "HUN"]
[BlackTeamCountry "HUN"]

1. e4 e5 2. Nf3 Nc6 3. Bb5 a6 4. Ba4 Nf6 5. 0-0 b5 6. Bb3 Bb7 7. Re1 Bc5 8. c3 d6 9. h3 h6 10. d3 0-0 11. Nbd2 Re8 12. Nf1 Qd7 13. Ng3 Rad8 14. Qe2 d5 15. Bc2 Bf8 16. a3 Na5 17. b4 dxe4 18. dxe4 Nc4 19. a4 c5 20. axb5 axb5 21. Rb1 cxb4 22. cxb4 Bc6 23. Rb3 Qa7 24. Nd2 Rc8 25. Nxc4 bxc4 26. Ra3 Qb7 27. Bd2 Bxb4 28. Rb1 Bxa3 29. Rxb7 Bxb7 30. Bc3 Bc5 31. Nf5 g6 32. Nxh6+ Kg7 33. Bd2 c3 34. Bg5 Re6 35. Qf3 Rb6 36. Kh2 Bd4 37. Qe2 Ba6 38. Qf3 Rh8 39. Ng4 Nxg4+ 40. Qxg4 Bc8 41. Qf3 f6 42. Bc1 Be6 43. Qg3 Rc8 44. f4 exf4 45. Bxf4 Rb5 46. e5 f5 47. Qh4 Bf7 48. Bh6+ Kh8 49. Qxd4 1-0

[Event "HUN-chT2 Charousek 0506"]
[Site "Hungary"]
[Date "2005.12.04"]
[Round "5"]
[White "Kovacs, Borisz"]
[Black "Guba, Miklos"]
[Result "1-0"]
[WhiteElo "2302"]
[BlackElo "2173"]
[PlyCount "127"]
[EventDate "2005.10.16"]
[EventType "team"]
[EventRounds "11"]
[EventCountry "HUN"]
[SourceTitle "EXT 2009"]
[Source "ChessBase"]
[SourceDate "2008.11.26"]
[SourceVersion "1"]
[SourceVersionDate "2008.11.26"]
[SourceQuality "1"]
[WhiteTeam "Szentgotthard"]
[BlackTeam "Szentendre"]
[WhiteTeamCountry "HUN"]
[BlackTeamCountry "HUN"]

1. e4 d5 2. exd5 Qxd5 3. Nc3 Qa5 4. d4 Nf6 5. Nf3 Bf5 6. Bd2 c6 7. Bc4 e6 8. 0-0 Bb4 9. a3 Bxc3 10. Bxc3 Qc7 11. h3 Nbd7 12. b4 0-0 13. Re1 Ne4 14. Bb2 a5 15. Bd3 Nd6 16. c4 Bxd3 17. Qxd3 b5 18. cxb5 cxb5 19. d5 Qc4 20. Rad1 Qxd3 21. Rxd3 exd5 22. Rxd5 Nc4 23. Bc3 Ndb6 24. Rxb5 Na4 25. Bd4 Nxa3 26. Rxa5 Nc2 27. Rb1 f6 28. Ba7 Nc3 29. Rb2 Na3 30. Rxa3 Nb5 31. Ra5 Nxa7 32. Rba2 Rf7 33. b5 Rb7 34. b6 Rxb6 35. Rxa7 Rxa7 36. Rxa7 Rb4 37. g3 h6 38. Kg2 Kh7 39. Rd7 h5 40. Nd4 Kg6 41. Ne6 f5 42. Nf4+ Kh6 43. Rd6+ Kh7 44. Nxh5 g5 45. Nf6+ Kg7 46. Nd5 Ra4 47. Rf6 f4 48. gxf4 Rd4 49. Rf5 gxf4 50. Nxf4 Ra4 51. h4 Kh6 52. Kg3 Ra1 53. Rf6+ Kh7 54. h5 Rb1 55. Ne6 Rb5 56. Kg4 Ra5 57. Ng5+ Kg7 58. Rf7+ Kg8 59. Re7 Ra1 60. h6 Ra8 61. Kh5 Kh8 62. Rh7+ Kg8 63. Rg7+ Kh8 64. Nf7# 1-0

[Event "HUN-chT2 Charousek 0506"]
[Site "Hungary"]
[Date "2005.11.13"]
[Round "3"]
[White "Sebestyen, Balazs"]
[Black "Kovacs, Borisz"]
[Result "1-0"]
[WhiteElo "2321"]
[BlackElo "2302"]
[PlyCount "157"]
[EventDate "2005.10.16"]
[EventType "team"]
[EventRounds "11"]
[EventCountry "HUN"]
[SourceTitle "EXT 2009"]
[Source "ChessBase"]
[SourceDate "2008.11.26"]
[SourceVersion "1"]
[SourceVersionDate "2008.11.26"]
[SourceQuality "1"]
[WhiteTeam "Decs"]
[BlackTeam "Szentgotthard"]
[WhiteTeamCountry "HUN"]
[BlackTeamCountry "HUN"]

1. d4 d5 2. Nc3 Nf6 3. Bg5 Bf5 4. Bxf6 exf6 5. e3 c6 6. Bd3 Bxd3 7. Qxd3 Bb4 8. Nge2 0-0 9. 0-0-0 Re8 10. g4 Nd7 11. h4 b5 12. Rdg1 Nb6 13. Nf4 Bf8 14. g5 Nc4 15. Nh5 Nd6 16. gxf6 g6 17. Rg2 b4 18. Ne2 Ne4 19. Rhg1 c5 20. dxc5 Nxc5 21. Qf5 Qd7 22. Qxd7 Nxd7 23. Rd1 Re5 24. Nhf4 Nxf6 25. Nd4 Rc8 26. Nf3 Re4 27. Nxd5 Nxd5 28. Rxd5 Rec4 29. Rd2 h5 30. Nd4 a5 31. f4 Kh7 32. Nf3 Bc5 33. Rge2 Re8 34. Ne5 Re4 35. Rd3 Kg7 36. Kd2 Be7 37. Rd5 Bxh4 38. Kd3 R4xe5 39. Rxe5 Rh8 40. Rxa5 Bf6 41. Rb5 Bxb2 42. Rxb4 Ba3 43. Rb3 Ra8 44. c4 Kf6 45. Ke4 Re8+ 46. Kf3 Ra8 47. Rb6+ Ke7 48. Ke4 Bc5 49. Rb3 Kd6 50. Rd3+ Kc6 51. Ke5 Be7 52. f5 g5 53. f6 Bc5 54. Rh2 Rh8 55. Kf5 g4 56. e4 Rg8 57. Rg3 Re8 58. e5 Bd4 59. Rxh5 Rxe5+ 60. Kxg4 Re6 61. Rf3 Bxf6 62. Rh6 Bd4 63. Rxe6+ fxe6 64. Rf1 Kc5 65. Rc1 Bb2 66. Rc2 Ba3 67. Kf3 Kd4 68. Ke2 e5 69. Kd2 Bb4+ 70. Kd1 Ba3 71. Ke2 e4 72. Kd1 Kc5 73. Kd2 Kd4 74. Ke2 e3 75. Kd1 Bb4 76. a4 Kc5 77. Ke2 Kd4 78. Rc1 Bd2 79. c5 1-0

[Event "HUN-chT2 Szechenyi 0304"]
[Site "Hungary"]
[Date "2004.04.04"]
[Round "10"]
[White "Kovacs, Borisz"]
[Black "Gruskovnjak, Tomislav"]
[Result "1/2-1/2"]
[WhiteElo "2294"]
[BlackElo "2325"]
[PlyCount "24"]
[EventDate "2003.09.28"]
[EventType "team-tourn"]
[EventRounds "11"]
[EventCountry "HUN"]
[SourceTitle "EXT 2009"]
[Source "ChessBase"]
[SourceDate "2008.11.26"]
[SourceVersion "1"]
[SourceVersionDate "2008.11.26"]
[SourceQuality "1"]
[WhiteTeam "Nagykanizsa II"]
[BlackTeam "Szentgotthard"]
[WhiteTeamCountry "HUN"]
[BlackTeamCountry "HUN"]

1. e4 c5 2. Nf3 d6 3. d4 cxd4 4. Nxd4 Nf6 5. Nc3 a6 6. Bg5 e6 7. Qd2 h6 8. Bh4 Be7 9. 0-0-0 Nc6 10. f4 Bd7 11. Kb1 b5 12. Bxf6 gxf6 1/2-1/2

[Event "HUN-chT2 Szechenyi 0304"]
[Site "Hungary"]
[Date "2003.10.05"]
[Round "2"]
[White "Kovacs, Borisz"]
[Black "Majeric, Zoran"]
[Result "1/2-1/2"]
[WhiteElo "2294"]
[BlackElo "2326"]
[PlyCount "99"]
[EventDate "2003.09.28"]
[EventType "team-tourn"]
[EventRounds "11"]
[EventCountry "HUN"]
[SourceTitle "EXT 2009"]
[Source "ChessBase"]
[SourceDate "2008.11.26"]
[SourceVersion "1"]
[SourceVersionDate "2008.11.26"]
[SourceQuality "1"]
[WhiteTeam "Nagykanizsa II"]
[BlackTeam "Lovo"]
[WhiteTeamCountry "HUN"]
[BlackTeamCountry "HUN"]

1. e4 c5 2. Nf3 g6 3. d4 Bg7 4. c3 cxd4 5. Nxd4 Nc6 6. Be3 Nf6 7. Nd2 0-0 8. Be2 d5 9. Nxc6 bxc6 10. e5 Nd7 11. f4 f6 12. exf6 Bxf6 13. 0-0 e5 14. fxe5 Nxe5 15. Nf3 Ng4 16. Bd4 Qe7 17. Qd2 Bf5 18. Bd3 Be4 19. Rae1 c5 20. Bxf6 Nxf6 21. Ng5 Rae8 22. Rf4 h6 23. Bxe4 dxe4 24. Nh3 Qe5 25. Rh4 g5 26. Rxh6 Kg7 27. Rxf6 Kxf6 28. Nf2 Qf5 29. Nd1 Kg6 30. Ne3 Qe6 31. c4 Qe5 32. b3 Qd4 33. Qe2 Qd3 34. Qg4 Qd2 35. Qg3 Qc3 36. h3 Qe5 37. Qg4 Rd8 38. Nd5 Rfe8 39. Re3 Qf5 40. Qe2 Qe5 41. Qg4 Qf5 42. Qe2 Rd6 43. Rg3 Rxd5 44. cxd5 Qxd5 45. h4 Re5 46. Qa6+ Kh5 47. Qc8 Kg6 48. Qa6+ Kh5 49. Qe2+ Kg6 50. Qa6+ 1/2-1/2

[Event "HUN-chT2 Szechenyi 0304"]
[Site "Hungary"]
[Date "2003.09.28"]
[Round "1"]
[White "Kiss, Robert"]
[Black "Kovacs, Borisz"]
[Result "0-1"]
[WhiteElo "2116"]
[BlackElo "2294"]
[PlyCount "60"]
[EventDate "2003.09.28"]
[EventType "team-tourn"]
[EventRounds "11"]
[EventCountry "HUN"]
[SourceTitle "EXT 2009"]
[Source "ChessBase"]
[SourceDate "2008.11.26"]
[SourceVersion "1"]
[SourceVersionDate "2008.11.26"]
[SourceQuality "1"]
[WhiteTeam "Arboretum"]
[BlackTeam "Nagykanizsa II"]
[WhiteTeamCountry "HUN"]
[BlackTeamCountry "HUN"]

1. e4 c5 2. Nf3 e6 3. d4 cxd4 4. Nxd4 Nc6 5. Be3 Nf6 6. Nd2 Be7 7. Be2 0-0 8. 0-0 d5 9. exd5 exd5 10. c4 Ne5 11. N4f3 Ng6 12. Rc1 Bd6 13. cxd5 Nxd5 14. Bg5 Be7 15. Bxe7 Qxe7 16. Re1 Be6 17. Bc4 Rad8 18. Qb3 Ndf4 19. Bxe6 Nxe6 20. Ne4 h6 21. Re3 b6 22. h3 Qd7 23. Ng3 Nc5 24. Qc3 f5 25. Nf1 Ne4 26. Qc6 Qf7 27. Qa4 Rd5 28. Ra3 Nf4 29. Rd1 Ne2+ 30. Kh1 Nxf2+ 0-1

[Event "HUN-chT2 Szechenyi 0203"]
[Site "Hungary"]
[Date "2003.02.02"]
[Round "6"]
[White "Rako, Istvan"]
[Black "Kovacs, Borisz"]
[Result "0-1"]
[WhiteElo "2082"]
[BlackElo "2290"]
[PlyCount "70"]
[EventDate "2002.09.22"]
[EventType "team-tourn"]
[EventRounds "11"]
[EventCountry "HUN"]
[SourceTitle "EXT 2009"]
[Source "ChessBase"]
[SourceDate "2008.11.26"]
[SourceVersion "1"]
[SourceVersionDate "2008.11.26"]
[SourceQuality "1"]

1. e4 c5 2. Nf3 e6 3. d4 cxd4 4. Nxd4 a6 5. Be3 Nf6 6. Bd3 d6 7. 0-0 Be7 8. c4 e5 9. Nb3 0-0 10. Nc3 Be6 11. Rc1 Nbd7 12. Nd5 Ng4 13. Bd2 Bg5 14. f4 exf4 15. Bxf4 Bxf4 16. Rxf4 Qg5 17. Qd2 Nge5 18. Be2 Nc5 19. Nxc5 dxc5 20. Rc2 h6 21. Qe3 Nc6 22. Rd2 Nd4 23. Bd3 Rae8 24. Qf2 Qe5 25. Qf1 Bxd5 26. cxd5 b5 27. b3 f6 28. Rff2 g5 29. Qc1 f5 30. Qxc5 fxe4 31. Rxf8+ Rxf8 32. Bf1 Qf4 33. Qc1 e3 34. Rb2 e2 35. Qxf4 e1Q 0-1

[Event "HUN-chT3 0102"]
[Site "Hungary"]
[Date "2002.01.27"]
[Round "6.1"]
[White "Kovacs, Borisz"]
[Black "Gruskovnjak, Tomislav"]
[Result "0-1"]
[WhiteElo "2310"]
[BlackElo "2281"]
[PlyCount "108"]
[EventDate "2001.09.30"]
[EventType "team-tourn"]
[EventRounds "11"]
[EventCountry "HUN"]
[SourceTitle "EXT 2004"]
[Source "ChessBase"]
[SourceDate "2003.11.25"]
[SourceVersion "1"]
[SourceVersionDate "2003.11.25"]
[SourceQuality "1"]

1. e4 c5 2. Nf3 d6 3. d4 cxd4 4. Nxd4 Nf6 5. Nc3 a6 6. Be2 e5 7. Nb3 Be7 8. g4 h6 9. Be3 Be6 10. Nd5 Nxd5 11. exd5 Bd7 12. a4 a5 13. Qd2 Bg5 14. c4 b6 15. 0-0 Bxe3 16. Qxe3 g5 17. Nd2 f5 18. gxf5 0-0 19. Ne4 Bxf5 20. Ng3 Na6 21. Bd3 Bxd3 22. Qxd3 Qf6 23. Ne4 Qg6 24. Ra3 Rf4 25. Re1 Nb4 26. Qe2 Kg7 27. Rg3 Raf8 28. b3 Na6 29. f3 Nc5 30. Qg2 Nxe4 31. Rxe4 Rxe4 32. fxe4 Rf4 33. Rg4 Kf6 34. Qh3 h5 35. Rxf4+ gxf4+ 36. Kf2 Qg4 37. Qc3 Qh4+ 38. Kg2 Qg4+ 39. Kf2 Qh4+ 40. Kg2 Qg5+ 41. Kf2 Qg6 42. Qh3 Qg4 43. Qc3 h4 44. b4 h3 45. bxa5 Qg2+ 46. Ke1 Qxe4+ 47. Kd1 f3 48. Qb4 Qe2+ 49. Kc1 f2 50. Qxd6+ Kg5 51. Qe7+ Kf4 52. Qf6+ Ke4 53. Qg6+ Kd4 54. Qxb6+ Kc3 0-1